000 00823nam a2200265Ia 4500
003 OSt
005 20221006152205.0
006 a|||||r|||| 00| 0
007 ta
008 221006b |||||||| |||| 00| 0 jpn d
020 _cY8800
024 _a25,383
037 _bGift, Japan Foundation
_cTextual
040 _aEASL
_cEASL
_bjpn
041 _2jpn
_ajpn
082 _aP420bT4, N0(FMU)
100 _aSANNO DAIGAKU NIHONGO KYOIKU KENKYUSITSU Ed.
_9660788
245 0 _aDaigaku no tame no nihongo (Japanese for specific purposes)
260 _aTokyo
_bSanno Daigaku Shuppanbu Japan
_c1990
300 _a258p.
_ccm.
650 _a JL
650 _aFMU
942 _hP420bT4, N0(FMU)
_cTEXL
_2CC
999 _c1093469
_d1093469